Bundesliga: Torwart mit den meisten Spielen zu Null pro Saison - Statistiken

Allgemein
  • Dieses Quiz wurde 205 mal gespielt
    78 seit der letzten Aktualisierung
  • Das Durchschnittsergebnis liegt bei 26 aus 32
Antwortstatistiken
Saison Spiele Verein Torwart % Korrekt
2006/07 13 Schalke Manuel Neuer
97%
2009/10 15 Schalke Manuel Neuer
97%
2011/12 17 Bayern Manuel Neuer
97%
2012/13 18 Bayern Manuel Neuer
97%
2013/14 15 Bayern Manuel Neuer
97%
2014/15 20 Bayern Manuel Neuer
97%
2015/16 21 Bayern Manuel Neuer
97%
2016/17 14 Bayern Manuel Neuer
97%
2019/20 15 Bayern Manuel Neuer
97%
2021/22 10 Bayern Manuel Neuer
97%
2008/09 13 Dortmund Roman Weidenfeller
93%
2010/11 14 Dortmund Roman Weidenfeller
93%
2001/02 19 Bayern Oliver Kahn
92%
2002/03 17 Bayern Oliver Kahn
92%
2004/05 15 Bayern Oliver Kahn
92%
2005/06 12 Bayern Oliver Kahn
92%
2023/24 15 Leverkusen Lukas Hradecky
83%
2017/18 13 Schalke Ralf Fährmann
83%
2018/19 16 Leipzig Péter Gulácsi
82%
2020/21 15 Leipzig Péter Gulácsi
82%
2021/22 10 Leipzig Péter Gulácsi
82%
2024/25 14 Leipzig Péter Gulácsi
82%
2003/04 18 Stuttgart Timo Hildebrand
75%
2006/07 13 Stuttgart Timo Hildebrand
75%
2021/22 10 Mainz Robin Zentner
70%
2008/09 13 Stuttgart Jens Lehmann
68%
2021/22 10 Wolfsburg Koen Casteels
63%
2005/06 12 Schalke Frank Rost
56%
2007/08 13 Hamburg Frank Rost
56%
2021/22 10 Freiburg Mark Flekken
46%
2022/23 13 Freiburg Mark Flekken
46%
2000/01 13 Schalke Oliver Reck
30%
Keine übereinstimmenden Quizze gefunden
Verteilung der Resultate
Anzahl Personen mit jedem Resultat
Perzentil nach korrekt beantworteten Fragen
Ihre Resultats-Entwicklung
Sie haben dieses Quiz seit der letzten Aktualisierung nicht gespielt